00723nam a2200229 a 450000100060000000300080000600500170001400800410003102000280007203500190010004000270011904100080014608200250015410000220017924501040020126000530030530000340035849000430039250400300043565000090046570000190047459763BD-RjUL20211209080751.0161227s1977 enka b 000 0 eng  a0136555144.a0136555063 a(BD-RjUL)59887 aDLCcDLCdBD-RjULbeng aeng00a355.02223bBRP 1977 aBressler, Marion.10aPeace or war :bcan humanity make the choice? /c[Selected by] Marion A. Bressler, Leo A. Bressler. aEnglewood Cliffs, N.J. :bPrentice-Hall,cc1977. avii, 120 p. :bill. ;c23 cm.0 aInquiry into crucial American problems aBibliography: p. 115-118. 0aWar.1 aBressler, Leo.